000 01190pam a22003135a 4500
999 _c6855
_d6855
001 14223651
003 OSt
005 20210409170134.0
008 060110r20051993nyua b 001 0 eng
010 _a 2006271688
020 _a9780521675536 (pbk.)
020 _a0521675537 (pbk.)
040 _aDLC
_cDLC
_dDLC
050 0 0 _aQC178
_b.C27 2005
082 _a531.14 CHE 1993
100 1 _aChen, Y. T.
_914056
245 1 0 _aGravitational experiments in the laboratory /
_cY.T. Chen, Alan Cook.
260 _aNew York :
_bCambridge University Press,
_c2005.
300 _a268 p. :
_bill. ;
_c24 cm.
500 _a"Transferred to digital printing 2005"--T.p. verso.
650 0 _aGravity
_xMeasurement.
_914057
650 0 _aGravity
_xExperiments.
_914058
700 1 _aCook, Alan H.
_914059
856 4 2 _3Publisher description
_uhttp://www.loc.gov/catdir/enhancements/fy0633/2006271688-d.html
856 4 1 _3Table of contents only
_uhttp://www.loc.gov/catdir/enhancements/fy0633/2006271688-t.html
906 _a7
_bcbc
_corigcop
_d3
_encip
_f20
_gy-gencatlg
942 _2lcc
_cO_SHELF